Reading in the brain : (Record no. 14559)

000 -LEADER
fixed length control field 01262cam a2200277 a 4500
001 - CONTROL NUMBER
control field 15656637
005 - DATE AND TIME OF LATEST TRANSACTION
control field 20170105102858.0
008 - FIXED-LENGTH DATA ELEMENTS--GENERAL INFORMATION
fixed length control field 090312s2009 nyua b 001 0 eng
010 ## - LIBRARY OF CONGRESS CONTROL NUMBER
LC control number 2009009389
020 ## - INTERNATIONAL STANDARD BOOK NUMBER
International Standard Book Number 9780670021109
035 ## - SYSTEM CONTROL NUMBER
System control number (OCoLC)ocn315238375
040 ## - CATALOGING SOURCE
Original cataloging agency DLC
Transcribing agency DLC
Modifying agency YDX
-- VP@
-- DLC
050 00 - LIBRARY OF CONGRESS CALL NUMBER
Classification number BF456.R2
Item number D36 2009
082 00 - DEWEY DECIMAL CLASSIFICATION NUMBER
Classification number 418/.4019
Edition number 22
100 1# - MAIN ENTRY--PERSONAL NAME
Personal name Dehaene, Stanislas.
245 10 - TITLE STATEMENT
Title Reading in the brain :
Remainder of title the science and evolution of a human invention /
Statement of responsibility, etc. Stanislas Dehaene.
260 ## - PUBLICATION, DISTRIBUTION, ETC.
Place of publication, distribution, etc. New York :
Name of publisher, distributor, etc. Viking,
Date of publication, distribution, etc. 2009.
300 ## - PHYSICAL DESCRIPTION
Extent xi, 388 p. :
Other physical details ill. ;
Dimensions 24 cm.
504 ## - BIBLIOGRAPHY, ETC. NOTE
Bibliography, etc. note Includes bibliographical references (p. 331-375) and index.
520 ## - SUMMARY, ETC.
Summary, etc. In this riveting investigation, Stanislas Dehaene provides an accessible account of the brain circuitry of reading and explores what he calls the "reading paradox": Our cortex is the product of millions of years of evolution in a world without writing, so how did it adapt to recognize words?
650 #0 - SUBJECT ADDED ENTRY--TOPICAL TERM
Topical term or geographic name entry element Reading, Psychology of.
650 #0 - SUBJECT ADDED ENTRY--TOPICAL TERM
Topical term or geographic name entry element Reading
General subdivision Physiological aspects.
906 ## - LOCAL DATA ELEMENT F, LDF (RLIN)
a 7
b cbc
c orignew
d 1
e ecip
f 20
g y-gencatlg
942 ## - ADDED ENTRY ELEMENTS (KOHA)
Source of classification or shelving scheme
Koha item type Book
Holdings
Withdrawn status Lost status Damaged status Not for loan Collection code Permanent Location Current Location Shelving location Date acquired Total Checkouts Full call number Barcode Date last seen Date last checked out Price effective from Koha item type
          Centre for International Peace & Stability (CIPS) Centre for International Peace & Stability (CIPS) General Stacks 09/10/2013 1 418.4019 DEH 2009 CIPS0000966 09/19/2018 08/29/2018 09/12/2013 Book
© 2023 Central Library, National University of Sciences and Technology. All Rights Reserved.